[Event "BCF-chT 1516 (4NCL)"]
[Site "England"]
[Date "2016.05.02"]
[Round "11.115"]
[White "Edouard, Romain"]
[Black "Eggleston, David"]
[Result "1/2-1/2"]
[WhiteElo "2617"]
[BlackElo "2399"]
[Annotator "Edouard,R"]
[PlyCount "81"]
[EventDate "2015.11.14"]
[EventType "team-swiss"]
[EventRounds "11"]
[EventCountry "ENG"]
[SourceTitle "CBM 172"]
[Source "ChessBase"]
[SourceDate "2016.05.12"]
[SourceVersion "1"]
[SourceVersionDate "2016.05.12"]
[SourceQuality "1"]
[WhiteTeam "Guildford"]
[BlackTeam "Cheddleton"]
[WhiteTeamCountry "ENG"]
[BlackTeamCountry "ENG"]

1. d4 Nf6 2. c4 e6 3. Nc3 Bb4 4. e3 O-O 5. Bd3 d5 6. Nf3 c5 7. O-O dxc4 8. Bxc4
cxd4 9. exd4 b6 10. Bg5 Bb7 11. Qe2 {With this move order, White makes ...Nc6
ideas dubious as they will be answered with Rad1. However, it allows Black to
take on c3 and reach a solid setup.} (11. Rc1 {with the idea Qe2, and to
always answer ...Bxc3 with Rxc3, is also possible. However Black can go} Nc6 $1
{and after} 12. a3 Be7 13. Qd3 h6 14. Be3 (14. Bh4 Nh5 $132) 14... Bd6 {
½-½ (87) Onischuk,A (2664)-Nakamura,H (2787) Saint Louis USA 2016, Black was
completely fine.}) 11... Bxc3 (11... Nbd7 {would now allow} 12. Rac1 {which is
nothing dramatic for Black but at least what White wants to reach.} (12. Ne5 $5
{is another option.} Bxc3 13. bxc3 Qc7 $5 14. Nxd7 Qxd7 15. Bxf6 gxf6 16. Qg4+
Kh8 17. Qh4 Qd8 18. d5 Rg8 19. Rad1 Rg5 20. g3 Bxd5 21. Bxd5 exd5 $11 {0-1 (63)
Lenic,L (2639)-Khismatullin,D (2651) Berlin GER 2015})) 12. bxc3 Nbd7 13. Nd2
Rc8 $146 {Not a bad move, but it doesn't make much sense as ...Qc7 is the most
important "developing" move to play.} (13... Qc7 14. Rac1 Nd5 $1 {was the
right way to play, shown by Hou Yifan:} 15. f3 e5 (15... Rac8 $5) 16. Rfe1 Rae8
17. Bxd5 Bxd5 18. c4 Bb7 (18... Be6 $5) 19. d5 f5 {½-½ (47) Tomashevsky,E 
(2728)-Hou Yifan (2673) Wijk aan Zee NED 2016; and White is only symbolically
better.}) 14. Rac1 Re8 $6 (14... Qc7 {was again required.}) 15. Bb5 Bc6 16. Ba6
Ra8 17. f4 $6 {I overestimated that move, missing some tactical ideas to come.}
({The simple} 17. f3 e5 18. Ne4 {was probably the cleanest way to a quick
advantage.}) 17... Qc7 18. Bd3 Rab8 19. Nf3 (19. Nc4 {would allow moves like}
Bb5 ({or even} 19... Ne4 $5)) 19... h6 $1 20. Ne5 {An interesting move. I did
not believe it could bring me an advantage, but I just did not see any other
option!} ({I had missed that} 20. Bh4 {was not too impressive due to} Qxf4 21.
Bg3 (21. Bxf6 $2 Bxf3 $17) 21... Bxf3 22. gxf3 (22. Qf2 Qg5 23. Bxb8 Qxg2+ 24.
Qxg2 Bxg2 25. Kxg2 Rxb8 $13) 22... Qg5 {and after} 23. Kh1 {White has
compensation but nothing to be happy with.}) 20... hxg5 21. Nxc6 (21. fxg5 $2
Nxe5 22. dxe5 Nd5 {and I do not see any mating idea!}) 21... Qxc6 22. fxg5 Nd5
(22... e5 $6 23. gxf6 exd4 24. Qb2 $40 (24. Qh5 {was my idea but after} Nxf6
25. Rxf6 gxf6 26. Qh6 {I had missed} Re4 $1 {that seems to hold.})) (22... Qd6
23. gxf6 Nxf6 {with the idea ...e5 is also playable for Black, as it doesn't
seem easy to take advantage of the h-file in time.}) 23. Bh7+ (23. Qh5 $2 f5
$19) 23... Kf8 (23... Kxh7 $2 24. Qh5+ Kg8 25. Qxf7+ Kh8 26. Rf3 Nf8 27. Rh3+
Nh7 28. Qg6 $18) 24. Qh5 (24. c4 Ne7 25. Rxf7+ Kxf7 26. Qh5+ {fails to} Kf8 $19
(26... g6 $4 27. Bxg6+ $18)) 24... f5 25. Bxf5 (25. Bg6 Qc4 (25... Ke7 26. Bxe8
Rxe8 27. Qg6 f4 28. Qxg7+ Kd8 $13) 26. Qh8+ Ke7 27. Qxg7+ Kd6 28. Bxe8 Rxe8 $13
) 25... exf5 (25... Ke7 $5 {was also possible.}) 26. Rxf5+ N5f6 (26... Kg8 27.
Qf7+ Kh8 28. Rf3 (28. Rxd5 Re7 29. Qxe7 Qxd5 $13) 28... Re3 {is just a draw.})
27. gxf6 Nxf6 (27... gxf6 $5 28. Qh8+ Kf7 29. Qh7+ Kf8 30. Rcf1 Re7 $11) 28.
Rcf1 Rbc8 $2 (28... Qe6 {and}) (28... Rb7 {were definitely safer moves.}) 29.
Rg5 $2 {Missing back the piece, but the position is a dead draw.} (29. Qh8+ {
had to be tried:} Kf7 30. Qh7 Re6 (30... Kf8 $4 31. Rg5 $18) 31. d5 {and now
Black has to find many only moves not to lose:} Qc5+ 32. Kh1 Rd6 33. g4 $1 {
(the idea I missed)} Qc4 34. g5 Qe4+ 35. R1f3 Qe1+ (35... Rxc3 36. Rxf6+ Rxf6
37. Qxe4 Rfxf3 38. Qe6+ Kf8 39. d6 $18) 36. Kg2 Qe2+ 37. Kh3 Rxc3 38. g6+ Ke7
39. Qxg7+ Kd8 40. Qf8+ Kd7 41. Qf7+ Kd8 42. Rxf6 Rxf3+ 43. Rxf3 Rxg6 {and
Black should be able to save a draw.}) 29... Kg8 30. Qg6 Re7 31. Rxf6 (31. Qxf6
Qxf6 32. Rxf6 Rxc3 $11) 31... Qxc3 32. h3 (32. Rf1 Qxd4+ 33. Kh1 Rf8 $11) 32...
Qxd4+ 33. Kh2 Rc1 34. Rgf5 Qg1+ 35. Kg3 Rc3+ 36. Kh4 $6 ({It was time for} 36.
Rf3 $11) 36... Re4+ 37. Rf4 ({I had missed} 37. g4 Qg3+ {mating!}) 37... Qe1+
38. g3 Rxf4+ 39. Rxf4 Qe7+ 40. Kh5 $2 {A nonsense move!} (40. Kg4 $11) 40...
Qe2+ (40... Qd7 {wins for Black! E.g.} 41. Kh4 Rc6 42. Qf5 Qd8+ 43. Qg5 Qd1 44.
Rg4 Qd7 45. Qe3 Re6 $19) 41. Kh4 1/2-1/2

[Event "Leon"]
[Site "Leon"]
[Date "1994.??.??"]
[Round "8"]
[White "Ljubojevic, Ljubomir"]
[Black "Kortschnoj, Viktor Lvovich"]
[Result "1/2-1/2"]
[WhiteElo "2600"]
[BlackElo "2615"]
[Annotator "Franco"]
[PlyCount "162"]
[EventDate "1994.05.??"]
[EventType "tourn"]
[EventRounds "9"]
[EventCountry "ESP"]
[EventCategory "12"]
[SourceTitle "CBM 042"]
[Source "ChessBase"]
[SourceDate "1994.10.01"]
[SourceVersion "1"]
[SourceVersionDate "1994.10.01"]
[SourceQuality "1"]

1. e4 c6 2. d4 d5 3. exd5 cxd5 4. c4 Nf6 5. Nc3 e6 6. Nf3 Bb4 7. Bd3 dxc4 8.
Bxc4 O-O 9. O-O Nbd7 10. Bg5 Qa5 (10... b6) 11. Rc1 Bxc3 12. Rxc3 b5 13. Ra3
Qb6 14. Rb3 a6 15. a4 Qc7 16. Bd3 bxa4 17. Rc3 Qa5 18. Ra3 Bb7 19. Rxa4 Qd5 20.
Re1 a5 21. Ra3 Bc6 22. Rc3 Rfc8 23. Qc2 (23. Qe2 $5) 23... Bb7 24. Bc4 Qd6 25.
Ne5 Qxd4 26. Rd3 Be4 $5 (26... Qxe5 $5 27. Rxe5 Nxe5 28. Rd4 Ba6 $13 (28... Bd5
)) 27. Rxd4 Bxc2 28. Nxd7 Nxd7 29. Bxe6 fxe6 30. Rxd7 Bb3 31. Bd2 Rd8 $1 (31...
a4 $2 32. Bc3 a3 33. Rxg7+ Kf8 34. Rxh7 $16) 32. Rxd8+ Rxd8 33. Bxa5 Rb8 34.
Bc3 Rb7 35. f3 Kf7 36. Kf2 Ra7 37. Re4 Rb7 38. Rf4+ Kg8 39. Ke3 Rb8 40. h4 Bd5
41. h5 h6 42. Ra4 Rb7 43. Kf4 Kf7 44. Ke3 Bb3 45. Rf4+ Ke8 46. Bb4 Rf7 47. Rg4
Bd5 48. Bc3 Rf5 49. Rxg7 Rxh5 50. Rh7 Kf8 51. Kf2 (51. Bg7+ Kg8 52. Rxh6 Rg5
$14) 51... Kg8 52. Rg7+ Kf8 53. Rc7 Rh1 54. Kg3 h5 55. Bf6 Kg8 56. Rg7+ Kf8 57.
Rc7 Kg8 58. Kf4 h4 59. Kg5 Ba2 60. Be5 h3 61. g4 (61. gxh3 Rxh3 $14) 61... Rf1
62. Kh4 Rxf3 63. Rc3 Rf2 64. Rc8+ Kf7 65. Rc7+ Kf8 66. Kxh3 Re2 67. Bc3 e5 68.
Rc5 e4 69. Re5 Kf7 70. Kg3 Be6 71. Kf4 Rg2 72. g5 Rg4+ 73. Ke3 Bb3 74. Rc5 Kg6
75. Bf6 Ba2 76. b4 Bb1 77. Rc3 Rg3+ 78. Kf4 Rxc3 79. Bxc3 e3 80. b5 Bd3 81. b6
Ba6 1/2-1/2

[Event "Antwerp"]
[Site "Antwerp"]
[Date "1993.??.??"]
[Round "5"]
[White "Christiansen, Larry Mark"]
[Black "Winants, Luc"]
[Result "1-0"]
[WhiteElo "2555"]
[BlackElo "2490"]
[Annotator "Ftacnik,L"]
[PlyCount "99"]
[EventDate "1993.08.??"]
[EventType "tourn"]
[EventRounds "9"]
[EventCountry "BEL"]
[EventCategory "13"]
[SourceTitle "CBM 037"]
[Source "ChessBase"]
[SourceDate "1993.12.01"]
[SourceVersion "1"]
[SourceVersionDate "1993.12.01"]
[SourceQuality "1"]

1. d4 Nf6 2. c4 e6 3. Nf3 d5 4. Nc3 Bb4 5. Bg5 Nbd7 6. e3 c5 7. Bd3 (7. cxd5
exd5 8. Bd3 Qa5) 7... cxd4 8. exd4 dxc4 9. Bxc4 O-O (9... Qa5 $5 10. O-O Bxc3
11. bxc3 Ne4 12. d5 $5) 10. O-O Bxc3 11. bxc3 Qc7 12. Bd3 b6 $6 (12... Qxc3 13.
Rc1 (13. Re1 $5) 13... Qa5 14. Ne5 Nxe5 15. Rc5 Qa3 16. dxe5 Qxc5 17. Bxf6 Re8
$6 (17... gxf6 18. Qg4+ Kh8 19. Qh4 f5 20. Qf6+ Kg8 21. Re1 $13) 18. Bxh7+ $1
Kxh7 19. Qh5+ Kg8 20. Qg5 Qf8 21. Rd1 $1 {Dolmatov,S-Speelman,J/Hastings/1989/}
) 13. Rc1 (13. c4) 13... Bb7 14. Re1 Rfe8 15. Bh4 Qc6 16. Bf1 Rac8 17. c4 h6
18. Qb3 Ba8 19. Rcd1 Nh5 20. Qe3 Qc7 21. Ne5 Nhf6 22. Nxd7 $6 (22. f4 $5 $14)
22... Nxd7 23. Bg3 Qb7 24. Bd6 (24. f3 {/\ a4+/=}) 24... Nf6 25. f3 Red8 26.
Be5 $6 Nd7 27. Bg3 Nf8 28. a4 Qd7 29. Qa3 Bc6 30. a5 Ng6 (30... b5 31. d5 $1
exd5 32. Re7 b4 33. Qxb4 Qf5 34. Re5 $16) 31. axb6 axb6 32. Qb4 h5 $5 33. h3
Qb7 34. Qb2 Rd7 35. Rb1 Ne7 36. Bf2 Rb8 37. Qc3 (37. Re5 $1) 37... Qc7 38. Re5
Nf5 39. Qb2 g6 40. Rbe1 Qd8 41. Rd1 $6 (41. d5 $1 exd5 42. Rxf5 $1 gxf5 43. Qe5
$16) 41... h4 42. d5 $1 b5 (42... exd5 43. Rxf5 gxf5 44. Qe5 dxc4 45. Rxd7 Bxd7
46. Bxc4 Qe8 47. Qf6 {/\ 48.Bd4 Qe1+ 49.Bf1+-}) 43. Rxf5 $1 exf5 44. Qe5 Rc8 (
44... Bb7 45. Bxh4 Qb6+ 46. Bf2 Qd8 47. Bd4 f6 48. Qg3 Kf7 49. Re1 $1 $40) 45.
Rd4 $1 Bb7 (45... f6 46. dxc6 fxe5 47. Rxd7 Qg5 48. cxb5 $16) 46. Rxh4 (46.
Bxh4 Qb6 $1 (46... Qe8 $2 47. Qh8+ $3 Kxh8 48. Bf6+ Kg8 49. Rh4 Qe3+ 50. Kh1
$18)) 46... f6 47. Qe6+ Kg7 48. Be3 g5 49. Bxg5 $1 fxg5 (49... Rd6 50. Bh6+ Kg6
51. Qxf5+ $1 Kxf5 52. Bd3+ Ke5 53. Re4+ Kf5 54. Re8#) 50. Rh6 $1 1-0

[Event "PCA-Wch Candidates m3"]
[Site "New York"]
[Date "1994.??.??"]
[Round "4"]
[White "Gulko, Boris F"]
[Black "Short, Nigel D"]
[Result "1/2-1/2"]
[WhiteElo "2615"]
[BlackElo "2655"]
[Annotator "Ftacnik,L"]
[PlyCount "67"]
[EventDate "1994.06.??"]
[EventType "match"]
[EventRounds "8"]
[EventCountry "USA"]
[SourceTitle "CBM 042"]
[Source "ChessBase"]
[SourceDate "1994.10.01"]
[SourceVersion "1"]
[SourceVersionDate "1994.10.01"]
[SourceQuality "1"]

1. c4 c6 2. e4 d5 3. exd5 cxd5 4. d4 Nf6 5. Nc3 e6 6. Nf3 Bb4 7. Bd3 dxc4 8.
Bxc4 O-O 9. O-O b6 10. Bg5 Bb7 11. Re1 Nbd7 12. Rc1 Rc8 13. Bd3 Re8 14. Qe2
Bxc3 15. bxc3 Qc7 16. Bh4 (16. c4 h6 (16... Qc6 17. h3 Rcd8 18. Rcd1 Nf8 19.
Qe5 N6d7 20. Qg3 Ra8 21. h4 Kh8 22. Bc1 f6 23. h5 h6 24. d5 $40 {Gligoric,
S-Portisch,L/Lugano olm/1968/1-0 (32)}) (16... Qd6 17. Rcd1 h6 18. Bc1 Qc7 {
Chiburdanidze,M-Douven,R/Amsterdam OHRA-B (06)/1986/0.5 (19)}) 17. Bd2 Bxf3 $5
18. Qxf3 e5 19. Qg3 $2 exd4 20. Rxe8+ Nxe8 21. Bf4 Qc6 22. Bf5 Rd8 23. h3 $19 {
Portisch,L-Karpov,An/Bugojno/1978/0-1 (40)}) 16... Qd6 (16... Nh5 17. Qe3 (17.
Bxh7+ Kxh7 18. Ng5+ Kg6 19. g4 Qf4 $1 $17 {Knaak,R-Sturua,Z/Trnava/1980/})
17... Qf4 (17... Ndf6 18. Bg3 Nxg3 {0,5/Portisch,L-Andersson,U/Buenos Aires/
1978/}) 18. Bb5 Bc6 19. Ba6 Bxf3 20. Bxc8 Rxc8 21. Qxf3 Qxh4 22. Qb7 Qd8 23.
Qxa7 Nf4 24. Qa6 $17 {Stein,B-Brunner,L/Dortmund op-A (11)/1993/0-1 (39)}) 17.
Ba6 (17. Bg3 Qa3) (17. Ne5 $5) 17... Bxa6 18. Qxa6 Qb8 19. c4 Qa8 20. a4 $2 Ne4
$6 (20... Nc5 $5 21. dxc5 $8 (21. Qb5 Nd3 22. Bxf6 gxf6 $17) 21... Rxc5 22. Re5
(22. Bxf6 gxf6 23. Nd4 Ra5 24. Qxa5 bxa5 25. c5 $132) 22... Nd5 23. cxd5 (23.
Rce1 Nb4 $19) 23... Rxc1+ 24. Re1 (24. Ne1 Qxd5 (24... exd5 25. Be7) 25. Qe2
Qb3 $17) 24... Rxe1+ 25. Nxe1 exd5 26. f4 $17) 21. Qb5 Rc7 22. Qb1 Nd6 (22...
Ndf6 23. Ne5 Rec8 24. f3 Nd6 25. Qd3 $36) 23. Bg3 Rc6 24. Bxd6 (24. Ng5 Nf8) (
24. d5 $6 exd5 25. cxd5 Rxc1 26. Rxc1 (26. Qxc1 Rxe1+ 27. Qxe1 Qxd5 28. Qe7 Nb7
$17) 26... Ne4 $13) 24... Rxd6 25. a5 Rc8 (25... bxa5 $6 26. c5 Rb8 27. Qd3 Rc6
28. Ra1 $14) 26. Qb5 Qc6 27. Qb4 Qc7 28. axb6 axb6 29. h3 Rc6 30. Qb5 h6 (30...
Nf6 31. Ne5 Rd6 32. c5 $14) 31. Rc2 Qd6 32. Ra1 R6c7 33. Ra6 Qf4 34. Ra1
1/2-1/2

[Event "Interpolis-01"]
[Site "Tilburg"]
[Date "1977.09.28"]
[Round "5"]
[White "Gligoric, Svetozar"]
[Black "Karpov, Anatoly"]
[Result "1/2-1/2"]
[WhiteElo "2565"]
[BlackElo "2690"]
[Annotator "Ftacnik,L"]
[PlyCount "32"]
[EventDate "1977.09.23"]
[EventType "tourn"]
[EventRounds "11"]
[EventCountry "NED"]
[EventCategory "14"]
[SourceTitle "MCL"]
[Source "ChessBase"]
[SourceDate "1999.07.01"]
[SourceVersion "1"]
[SourceVersionDate "1999.07.01"]
[SourceQuality "1"]

1. d4 Nf6 2. c4 e6 3. Nc3 Bb4 4. e3 O-O 5. Bd3 c5 6. Nf3 d5 7. O-O cxd4 8. exd4
dxc4 9. Bxc4 b6 10. Bg5 Bb7 11. Rc1 Nc6 12. a3 (12. d5 $2 Na5 13. Ne4 Be7 $1
$17) 12... Be7 13. Re1 (13. Qd3 Nd5 (13... h6 14. Bf4 (14. Bh4 $6 Nh5 $1) (14.
Be3 $1) 14... Bd6 15. Be5 $5 Bxe5 16. dxe5 Qxd3 17. Bxd3 Nd7 $10) (13... Rc8 $5
14. Ba2 Nd5 15. Bb1 g6 16. Bh6 Re8 17. h4 $5) 14. Bxd5 exd5 (14... Bxg5 15.
Nxg5 Qxg5 16. Be4 Rfd8 (16... g6 17. Qb5 $1 $16) (16... f5 17. Bf3 Rad8 18. Qe3
$1 $8) 17. Bxh7+ (17. Qb5 Qxb5 18. Nxb5 Na5 19. Bxb7 Nxb7 20. Rc7 Nd6 $10) (17.
Qe3 $1 $14) 17... Kf8 $13) 15. Bxe7 Nxe7 16. Rfe1 Rc8 17. h4 h6 18. h5 Rc7 19.
Nb5 $6 (19. Ne5 { []b5}) 19... Rxc1 20. Rxc1 Ba6 $6 {Ivanchuk-Karpov/Linares/
1991/1-0/35} (20... Nc6 $1)) 13... Nd5 14. Bd2 (14. Bxd5 Bxg5 15. Nxg5 Qxg5 16.
Be4 Rfd8 17. d5 $13) 14... Nxc3 15. Bxc3 Bf6 16. d5 (16. d5 Bxc3 17. Rxc3 exd5
18. Bxd5 Rc8 $10) 16... exd5 1/2-1/2

[Event "Helsinki op"]
[Site "Helsinki"]
[Date "1992.??.??"]
[Round "7"]
[White "Gulko, Boris F"]
[Black "Piskov, Yury"]
[Result "1/2-1/2"]
[WhiteElo "2610"]
[BlackElo "2500"]
[Annotator "Ftacnik,L"]
[PlyCount "79"]
[EventDate "1992.09.??"]
[EventType "swiss"]
[EventRounds "9"]
[EventCountry "FIN"]
[SourceTitle "CBM 032"]
[Source "ChessBase"]
[SourceDate "1993.02.01"]
[SourceVersion "1"]
[SourceVersionDate "1993.02.01"]
[SourceQuality "1"]

1. d4 Nf6 2. c4 e6 3. Nc3 Bb4 4. e3 O-O 5. Bd3 d5 6. a3 dxc4 7. Bxc4 Bxc3+ 8.
bxc3 c5 9. Nf3 Qc7 10. Ba2 b6 11. O-O Bb7 12. c4 Nbd7 13. Bb2 Rad8 14. Re1 $146
(14. d5) 14... Rfe8 15. Rc1 e5 $6 (15... Qb8 $13) 16. d5 e4 17. Nd2 Ne5 18. Qc2
$1 (18. f4 $6 exf3 19. gxf3 b5 $1 20. e4 Nh5 $132) (18. Bb1 b5 19. cxb5 Bxd5
$132) 18... Neg4 (18... Nd3 19. Bxf6 gxf6 20. Nxe4 Nxe1 21. Nxf6+ Kf8 22. Nxe8
$19) (18... Nfg4 19. h3 $16) 19. Nf1 b5 (19... Bc8 20. Ng3 $16) 20. cxb5 Bxd5
21. Bxd5 Rxd5 22. Red1 Red8 23. Rxd5 Rxd5 24. Rd1 Rxd1 25. Qxd1 h5 26. h3 Ne5
27. Ng3 h4 28. Nxe4 $6 (28. Nf5 $16) 28... Nxe4 29. Qd5 Nf3+ $8 30. gxf3 Nxf2
31. Be5 (31. Kxf2 Qh2+ 32. Ke1 Qxb2 $132) 31... Nxh3+ 32. Kg2 Qc8 33. Qc6 $2 (
33. Bc3 $1 Qb8 34. Qe5 Qxe5 35. Bxe5 Ng5 36. a4 f6 37. a5 Ne6 38. Bd6 $18)
33... Qf5 34. Qa8+ Kh7 35. Qe4 Qxe4 36. fxe4 Ng5 37. a4 h3+ 38. Kh1 f6 $1 39.
a5 Ne6 40. Bd6 (40. Bc3 $10) (40. Bd6 c4 41. Kh2 c3 42. Ba3 c2 43. Kxh3 Nc7 44.
b6 axb6 45. axb6 Nb5 46. Bc1 Nd6 47. Kg4) 1/2-1/2

[Event "Donner Memorial-B"]
[Site "Amsterdam"]
[Date "1994.??.??"]
[Round "5"]
[White "Gligoric, Svetozar"]
[Black "Unzicker, Wolfgang"]
[Result "0-1"]
[WhiteElo "2445"]
[BlackElo "2430"]
[Annotator "Ftacnik,L"]
[PlyCount "68"]
[EventDate "1994.08.??"]
[EventType "tourn"]
[EventRounds "9"]
[EventCountry "NED"]
[EventCategory "8"]
[SourceTitle "CBM 043"]
[Source "ChessBase"]
[SourceDate "1994.12.01"]
[SourceVersion "1"]
[SourceVersionDate "1994.12.01"]
[SourceQuality "1"]

1. d4 Nf6 2. c4 e6 3. Nc3 Bb4 4. e3 O-O 5. Bd3 d5 6. Nf3 c5 7. O-O dxc4 8. Bxc4
cxd4 9. exd4 b6 10. Bg5 Bb7 11. Re1 Nbd7 12. Rc1 Rc8 13. Bd3 Bxc3 14. bxc3 Qc7
15. Bh4 Qf4 16. Bg3 Qg4 17. Be2 (17. Ne5 $6 Nxe5 18. dxe5 (18. Rxe5 Qxd1+ 19.
Rxd1 Rxc3 $17) 18... Qxd1 19. Rexd1 Nd5 20. c4 Nb4 21. Bb1 Rc7 $15) 17... Qf5
18. c4 Rfd8 19. d5 Nc5 20. Nh4 (20. Nd4 Qg6 21. Bf3 Nd3) 20... Qg5 21. Bf3 g6
$1 (21... exd5 $2 22. Re5 Qh6 23. Nf5 Qg6 24. Ne7+ $18) 22. Qd4 $6 (22. Re5 Qh6
23. Rb1 $13) 22... exd5 23. Bf4 Qxh4 24. g3 dxc4 $1 25. Qb2 (25. Qxd8+ Rxd8 26.
gxh4 Bxf3 $19) 25... Qh3 26. Bxb7 Ng4 27. f3 (27. Bxc8 Qxh2+ 28. Kf1 Nd3 29.
Qd2 (29. Qc2 Nxe1 30. Rxe1 Qh1+ 31. Ke2 Re8+ 32. Be3 Nxe3 $1 $19) 29... Qh1+
30. Ke2 Qe4+ 31. Kf1 Nh2+ 32. Kg1 Nf3+ 33. Kh1 Nxd2+ 34. Rxe4 Nxf2+ 35. Kg2
Nfxe4 $19) 27... Nxb7 28. fxg4 Qxg4 29. Be5 Qd7 30. Bf6 (30. Bh8 f5 $19) 30...
Re8 31. Qf2 Nc5 32. Rxe8+ Rxe8 33. Qf4 Ne4 34. Be5 Qd5 (34... Qd5 35. Bb2 c3
$19) 0-1

[Event "Budapest Honved"]
[Site "Budapest"]
[Date "1991.??.??"]
[Round "?"]
[White "Petran, Pal"]
[Black "Petrosian, Arshak B"]
[Result "1-0"]
[WhiteElo "2425"]
[BlackElo "2505"]
[Annotator "Ftacnik,L"]
[PlyCount "93"]
[EventDate "1991.??.??"]
[EventType "tourn"]
[EventRounds "11"]
[EventCountry "HUN"]
[EventCategory "9"]
[SourceTitle "CBM 027"]
[Source "ChessBase"]
[SourceDate "1992.04.01"]
[SourceVersion "1"]
[SourceVersionDate "1992.04.01"]
[SourceQuality "1"]

1. d4 Nf6 2. c4 e6 3. Nc3 Bb4 4. e3 O-O 5. Bd3 d5 6. Nf3 c5 7. O-O cxd4 8. exd4
dxc4 9. Bxc4 b6 10. Bg5 Bb7 11. Ne5 Be7 (11... Nbd7 12. Nxd7 Qxd7 13. Bxf6 gxf6
14. d5 Bxc3 15. bxc3 Bxd5 16. Qg4+ Kh8 17. Qd4 Rac8 18. Qxf6+ Kg8 $10 {Yusupov,
A-Ivanchuk,V/Brussels cq3/1991/}) (11... h6 12. Bh4 Be7 13. Re1 Nc6 14. Ba6 Qc8
15. Qf3 Na5 16. Bxb7 Qxb7 17. Qxb7 Nxb7 18. Nc6 Bd6 19. Nb5 a6 20. Nxd6 Nxd6
21. d5 $1 $14 {Portisch,F-Stoica/Athens/1985/}) 12. Re1 Nc6 13. Ba6 $1 Qc8 (
13... Bxa6 $2 14. Nxc6 Qd7 15. Nxe7+ Qxe7 16. Nd5 $1 $16) 14. Qf3 Na5 (14...
Nxe5 15. Qxb7 Qxb7 16. Bxb7 Nd3 17. Bxa8 Nxe1 18. Bxf6 gxf6 19. Be4 f5 20. Rxe1
fxe4 21. Rxe4 $18) 15. Bxb7 Qxb7 16. Qxb7 Nxb7 17. Nc6 Bd8 (17... Bd6 18. Nb5
a6 19. Nxd6 Nxd6 20. d5 $1) 18. Rac1 Na5 (18... h6 19. Bh4 g5 20. Bg3 $16) 19.
Nxd8 Raxd8 20. Ne4 $1 Rxd4 (20... Nxe4 21. Bxd8 $18) 21. Nxf6+ gxf6 22. Bxf6
Rf4 23. Bg5 (23. Bc3 Nb7 $16) 23... Rc4 (23... Rb4 24. b3 $16) 24. Rxc4 Nxc4
25. b3 Na5 $8 26. Rc1 f6 27. Be3 (27. Bh4 Rf7) 27... Rd8 28. Kf1 Rd7 29. Ke2
Kf7 30. b4 Nb7 31. a4 Nd6 $6 (31... f5 $5) 32. g4 $1 e5 (32... f5 33. f3) 33.
a5 bxa5 (33... b5 34. Rc6 $16) 34. bxa5 f5 35. f3 $1 Ke6 (35... e4 36. g5) 36.
a6 fxg4 37. fxg4 Nb5 38. Kf3 (38. Rc6+ Rd6 39. Rxd6+ Kxd6 40. Kf3 Nc7 41. Bxa7
Nxa6 $14) 38... Rd6 (38... Nd4+ 39. Ke4 $16) 39. Rc5 Nd4+ 40. Kg3 Nc6 (40...
Rxa6 41. Bxd4 exd4 42. Rh5 Ra3+ 43. Kf4 Ra4 44. h3 $16) 41. Rb5 Rd7 (41... Ne7
42. Rb7 Rxa6 43. Bc5 $16) 42. Rb7 Ke7 (42... Rxb7 43. axb7 Kd7 44. Bxa7 Kc7 45.
b8=Q+ Nxb8 46. Bxb8+ Kxb8 47. Kf3 Kc7 48. Ke4 Kd6 49. g5 Ke6 50. h3 Kd6 51. h4
Ke6 52. h5 Kd6 53. g6 hxg6 54. h6 $18) 43. h4 Kd6 44. h5 Ke6 45. g5 Rf7 46. h6
$1 Nd8 (46... Re7 47. g6 $1 hxg6 48. Rxe7+ Nxe7 49. h7 $18) 47. Rxa7 {Ftacnik,L
} 1-0

[Event "Interpolis-02"]
[Site "Tilburg"]
[Date "1978.09.02"]
[Round "2"]
[White "Browne, Walter Shawn"]
[Black "Ljubojevic, Ljubomir"]
[Result "1-0"]
[WhiteElo "2550"]
[BlackElo "2605"]
[Annotator "Ftacnik,L"]
[PlyCount "45"]
[EventDate "1978.09.01"]
[EventType "tourn"]
[EventRounds "11"]
[EventCountry "NED"]
[EventCategory "14"]
[SourceTitle "MCL"]
[Source "ChessBase"]
[SourceDate "1999.07.01"]
[SourceVersion "1"]
[SourceVersionDate "1999.07.01"]
[SourceQuality "1"]

1. d4 Nf6 2. c4 e6 3. Nc3 Bb4 4. e3 O-O 5. Bd3 c5 6. Nf3 d5 7. O-O cxd4 (7...
Nc6 8. a3 Bxc3 9. bxc3 Qc7 10. cxd5 exd5 11. a4) (7... b6 $5 8. cxd5 exd5 9.
Ne5) (7... dxc4 8. Bxc4 Nbd7 9. Qe2) 8. exd4 dxc4 9. Bxc4 b6 {Karpov} 10. Bg5
Bb7 11. Re1 Nbd7 12. Rc1 (12. Qe2 Bxc3 13. bxc3 Qc7 14. Rac1 $6 Bxf3 $13) 12...
Rc8 13. Qb3 $5 $146 (13. Bd3 Re8 14. Qe2 Bxc3 15. bxc3 Qc7 16. c4 $14 {
Gligoric-Portisch,Lugano (ol) 1968}) 13... Qe7 $2 {[#]} (13... Bxf3 14. Qxb4
Ba8) (13... Bxc3 14. bxc3 $14) (13... Be7 14. Ne5 Nxe5 15. dxe5 Nd7 16. Bxe7
Qxe7 $14) (13... Qc7 $2 14. Nb5 $1) 14. Bd5 $3 $16 (14. Ne5 Nxe5 15. dxe5 Qc5
$1 16. Na4 Qa5) (14. d5 $5 Qc5 15. Na4 Qa5 16. dxe6 Bxf3 $13) (14. Bxe6 fxe6
15. Rxe6 Qf7) 14... Ba6 (14... Bxd5 15. Nxd5 $18) (14... Rb8 15. Bxb7 Bxc3 (
15... Rxb7 16. Nd5 $18) 16. Qxc3 Rxb7 17. d5 $1 $16) (14... Bxc3 15. Bxb7 Bxe1
(15... Rb8 16. Rxc3 Rxb7 17. d5 $16) (15... Rc7 16. Ba6 Bxe1 17. Rxc7 $18) 16.
Bxc8 $16) (14... Rxc3 15. bxc3 Bxd5 16. Qxb4 $18) 15. Qa4 $1 Bxc3 (15... Nb8
16. Bxf6 (16. Bb3 $2 b5) 16... gxf6 17. Be4 Qd6 18. Bb1 {/\ Qa4-c2-d2+/-}) 16.
bxc3 Nb8 (16... Bd3 $5 17. Bb3 {/\ Ne5} (17. Qxa7 $4 Qd6 18. Bb3 Ra8)) 17. Bb3
b5 $2 (17... Qd7 $142 18. Qa3 $16) 18. Qa5 Qb7 $2 19. Bxf6 gxf6 20. d5 $1 exd5
(20... e5 21. Nh4 (21. Qb4)) 21. Qb4 $18 Qd7 (21... Rfe8 22. Qf4 Kf8 23. Nh4 $1
{/\ Nf5 +-}) 22. Qh4 Kg7 23. Nd4 $1 (23. Nd4 h6 (23... Nc6 24. Bc2 $18) 24. Bc2
$18) 1-0